| 000 | 00833nam a22001577a 4500 | ||
|---|---|---|---|
| 003 | OSt | ||
| 005 | 20151114135158.0 | ||
| 008 | 151114b xxu||||| |||| 00| 0 eng d | ||
| 040 | _cRUA | ||
| 082 | _aFOR YEN 2013 B142 Or.1 | ||
| 100 |
_93676 _aYEN, VANCHHA. |
||
| 245 | _aStudy on forestation through assisted natural regeneration in phnom sen forestry community angkor chey district kampot province, សិក្សាពីការស្ដារព្រៃឈើឡើងវិញតាមវិធីជម្រុញដំណុះរុក្ខជាតិដោយធម្មជាតិ នៅសហគមន៍ព្រៃឈើភ្នំសែនហាន ស្រុកអង្គរជ័យ ខេត្តកំពត | ||
| 260 |
_aPhnom Penh _bRUA _c2013 |
||
| 300 |
_axii; 40p. _bill. _c29cm. |
||
| 942 |
_2ddc _cFOR |
||
| 999 |
_c3424 _d3424 |
||